The age of Constantine the Great / (Record no. 308887)
[ view plain ]
| 000 -LEADER | |
|---|---|
| fixed length control field | 00839nam a22002412i 4500 |
| 001 - CONTROL NUMBER | |
| control field | 000876732 |
| 003 - CONTROL NUMBER IDENTIFIER | |
| control field | AM-YeHGA |
| 005 - DATE AND TIME OF LATEST TRANSACTION | |
| control field | 20250617145250.0 |
| 008 - FIXED-LENGTH DATA ELEMENTS--GENERAL INFORMATION | |
| fixed length control field | 980817s1949 nyub 001 0 eng d |
| 040 ## - CATALOGING SOURCE | |
| Original cataloging agency | AM-YeHGA |
| 041 1# - LANGUAGE CODE | |
| Language code of text/sound track or separate title | eng |
| Language code of original | ger |
| 090 ## - LOCALLY ASSIGNED LC-TYPE CALL NUMBER (OCLC); LOCAL CALL NUMBER (RLIN) | |
| -- | 310598 |
| 100 1# - MAIN ENTRY--PERSONAL NAME | |
| Personal name | Burckhardt, Jacob, |
| Dates associated with a name | 1818-1897. |
| 240 10 - UNIFORM TITLE | |
| Uniform title | Zeit Konstantins des Grossen. |
| Language of a work | English |
| 245 14 - TITLE STATEMENT | |
| Title | The age of Constantine the Great / |
| Statement of responsibility, etc. | Jacob Burckhardt ; Transl. by Moses Hadas. |
| 260 ## - PUBLICATION, DISTRIBUTION, ETC. | |
| Place of publication, distribution, etc. | New York : |
| Name of publisher, distributor, etc. | Doubleday Anchor Books, |
| Date of publication, distribution, etc. | 1949. |
| 300 ## - PHYSICAL DESCRIPTION | |
| Extent | xiv, 386 p. : |
| Other physical details | map, geneal. chart ; |
| Dimensions | 19 cm. |
| 500 ## - GENERAL NOTE | |
| General note | "On the ancient sources": p. [366]-368 |
| 546 ## - LANGUAGE NOTE | |
| Language note | Translation from the German of Zeit Konstantins des Grossen |
| 651 #0 - SUBJECT ADDED ENTRY--GEOGRAPHIC NAME | |
| Geographic name | Rome |
| General subdivision | Civilization |
| 651 #0 - SUBJECT ADDED ENTRY--GEOGRAPHIC NAME | |
| Geographic name | Rome |
| General subdivision | History |
| Chronological subdivision | Empire, 30 B.C.-476 A.D. |
| 700 1# - ADDED ENTRY--PERSONAL NAME | |
| Personal name | Hadas, Moses, |
| Dates associated with a name | 1900-1966 |
| Relationship | trl |
| Withdrawn status | Lost status | Source of classification or shelving scheme | Damaged status | Not for loan | Collection | Home library | Current library | Date acquired | Total checkouts | Full call number | Barcode | Date last seen | Price effective from | Koha item type | Public note |
|---|---|---|---|---|---|---|---|---|---|---|---|---|---|---|---|
| Universal Decimal Classification | Louise Nalbandyan Individual Collection | Fundamental Scientific Library | Fundamental Scientific Library | 09/01/2017 | Nal/3 | FL0222701 | 09/01/2017 | 09/01/2017 | Գրքեր / Books | ILL Non-Circ. |
ՀՀ Գիտությունների ազգային ակադեմիայի հիմնարար գիտական գրադարան = Fundamental Scientific Library of NAS RA
All site content, except where otherwise noted, is licensed under a